Monarques ayant régné sur la France unifiée - Statistiques

Statistiques générales
  • Ce quiz a été pris 36 fois
  • Le résultat moyen est 30 sur 68
Statistiques - réponses
Date de règne Dynastie Monarque % Correct
771 - 814 Carolingiens Charles Ier, dit "Le Grand", Charlemagne
80%
481 - 511 Mérovingiens Clovis Ier
80%
987 - 996 Capétiens Hugues Ier, souvent dit Hugues "Capet", aussi dit "Le Roitelet"
65%
1852 - 1870 Bonaparte Louis-Napoléon Bonaparte, Napoléon III
65%
1610 - 1643 Bourbons Louis XIII, dit "Le Juste"
65%
1643 - 1715 Bourbons Louis XIV, dit "Le Grand" ou "Le Roi-Soleil"
65%
1715 - 1774 Bourbons Louis XV, dit "Le Bien-Aimé"
65%
1774 - 1792 Bourbons Louis XVI
65%
1804 - 1814 Bonaparte Napoléon Ier
65%
mars 1815 - juin 1815 Bonaparte Napoléon Ier
65%
juin 1815 - juillet 1815 Bonaparte Napoléon II
65%
751 - 768 Carolingiens Pépin III, dit "Le Bref"
65%
1824 - 1830 Bourbons Charles X
60%
1589 - 1610 Bourbons Henri IV, dit "Le Grand" ou "Le Vert-Galant"
60%
1830 - 1848 Orléans Louis-Philippe Ier, dit "Le Roi-Citoyen"
60%
1814 - 1815 Bourbons Louis XVIII, dit "Le Désiré" ou "Le Roi Errant"
60%
1815 - 1824 Bourbons Louis XVIII, dit "Le Désiré" ou "Le Roi Errant"
60%
1515 - 1547 Valois François Ier, dit "Le Père et Restaurateur des Lettres"
55%
1559 - 1560 Valois François II
55%
1574 - 1589 Valois Henri III
55%
1226 - 1270 Capétiens Louis IX, dit "Saint-Louis" ou "Le Prudhomme"
55%
1547 - 1559 Valois Henri II
50%
1498 - 1515 Valois Louis XII, dit "Le Père du Peuple"
50%
1322 - 1328 Capétiens Charles IV, dit "Le Bel"
45%
1560 - 1574 Valois Charles IX
45%
1364 - 1380 Valois Charles V, dit "Le Sage"
45%
1380 - 1422 Valois Charles VI, dit "Le Bien-Aimé" ou "Le Fol" (ou "Le Fou")
45%
1422 - 1461 Valois Charles VII, dit "Le Victorieux" ou "Le Bien Servi"
45%
1483 - 1498 Valois Charles VIII, dit "L'Affable"
45%
558 - 561 Mérovingiens Clotaire Ier, dit "Le Vieux"
45%
632 - 639 Mérovingiens Dagobert Ier
45%
1316 - 1316 Capétiens Jean Ier, dit "Le Posthume"
45%
814 - 840 Carolingiens Louis Ier, dit "Le Pieux" ou "Le Débonnaire"
45%
1108 - 1137 Capétiens Louis VI, dit "Le Gros" ou "Le Batailleur"
45%
1137 - 1180 Capétiens Louis VII, dit "Le Pieux" ou "Le Jeune"
45%
1223 - 1226 Capétiens Louis VIII, dit "Le Lion"
45%
1314 - 1316 Capétiens Louis X, dit "Le Hutin"
45%
1461 - 1483 Valois Louis XI, dit "Le Prudent" ou "Universelle Aragne"
45%
1328 - 1350 Valois Philippe VI, dit "Le Fortuné" ou "Le Catholique"
45%
996 - 1031 Capétiens Robert II, dit "Le Pieux"
45%
843 - 877 Carolingiens Charles II, dit "Le Chauve"
40%
898 - 922 Carolingiens Charles III, dit "Le Simple"
40%
1031 - 1060 Capétiens Henri Ier
40%
1350 - 1364 Valois Jean II, dit "Le Bon"
40%
986 - 987 Carolingiens Louis V, dit "Le Fainéant"
40%
1060 - 1108 Capétiens Philippe Ier
40%
1180 - 1223 Capétiens Philippe II, dit "Auguste" ou "Le Grand"
40%
1270 - 1285 Capétiens Philippe III, dit "Le Hardi"
40%
1285 - 1314 Capétiens Philippe IV, dit "Le Bel" ou "Le Roi de Fer"
40%
1316 - 1322 Capétiens Philippe V, dit "Le Long"
40%
923 - 936 Bivinides (ou Bosonides) Raoul, ou Rodolphe
40%
613 - 629 Mérovingiens Clotaire II
35%
877 - 879 Carolingiens Louis II, dit "Le Bègue"
35%
879 - 882 Carolingiens Louis III
35%
936 - 954 Carolingiens Louis IV, dit "D'Outremer"
35%
922 - 923 Robertiens Robert Ier
35%
743 - 751 Mérovingiens Childéric III, dit "Le Fainéant"
30%
673 - 675 Mérovingiens Childéric II
25%
888 - 898 Robertiens Eudes, ou Odon
25%
954 - 986 Carolingiens Lothaire
25%
879 - 884 Carolingiens Carloman II
20%
711 - 715 Mérovingiens Dagobert III
20%
885 - 887 Carolingiens Charles "Le Gros"
15%
719 - 721 Mérovingiens Chilpéric II
15%
691 - 695 Mérovingiens Clovis IV
15%
679 - 691 Mérovingiens Thierry III
15%
721 - 737 Mérovingiens Thierry IV
15%
695 - 711 Mérovingiens Childebert IV, dit "Le Juste"
5%
Aucun quiz correspondant
Distribution des résultats
% des personnes avec chaque résultat
Percentile par nombre de réponses
Votre historique - résultats
Vous n’avez pas pris ce quiz